000
00338nam a2200145Ia 4500
003
OSt
005
20240330124408.0
008
170523s9999 xx 000 0 und d
020
_a
978-0070140011
040
_c
IIMT UNIVERSITY MEERUT
100
_a
Saha- S.K.
245
0
_a
Introduction to Robotics
260
_a
T.M.H.
942
_2
ddc
_c
02
999
_c
12026
_d
12026